| 000 | 01157nam a2200301 a 4500 | ||
|---|---|---|---|
| 001 | 36890 | ||
| 003 | BD-RjUL | ||
| 005 | 20211209052544.0 | ||
| 008 | 140922s2005 maua b 001 0 eng | ||
| 020 | _a0072823984 (spiralbound : acidfree paper) | ||
| 035 | _a(BD-RjUL)36992 | ||
| 040 |
_aDLC _cDLC _dDLC _dBD-RjUL _beng |
||
| 041 | _aeng | ||
| 082 | 0 | 0 |
_a579.078 _222 _bBEB 2005 |
| 100 | 1 |
_aBenson, Harold J. _9112594 |
|
| 245 | 1 | 0 |
_aBenson's microbiological applications : _blaboratory manual in general microbiology / _cAlfred E. Brown. |
| 250 | _a9th ed., complete version. | ||
| 260 |
_aBoston : _bMcGraw-Hill Higher Education, _cc2005. |
||
| 300 |
_axiv, 510 p. : _bill. (some col.) ; _c28 cm. |
||
| 504 | _aIncludes bibliographical references (p. 499-500) and index. | ||
| 650 | 0 |
_aMicrobiology _vLaboratory manuals. _9112595 |
|
| 856 | 4 | 2 |
_3Publisher description _uhttp://www.loc.gov/catdir/description/mh051/2004559167.html |
| 856 | 4 | 1 |
_3Table of contents only _uhttp://www.loc.gov/catdir/enhancements/fy0621/2004559377-t.html |
| 942 |
_2ddc _cBK |
||
| 999 |
_c36890 _d36890 |
||